000 00810cam a2200265 4500
999 _c10331
_d10331
001 2201349
003 OSt
005 20210222155611.0
008 731130s1973 miua b 001 0 eng
010 _a 73177601
020 _a0801069459
040 _aDLC
_cDLC
_dDLC
050 0 0 _aBS1197
_b.P526O
082 0 0 _a221.9/5
_bP526O
100 1 _aPfeiffer, Charles F.
245 1 0 _aOld Testament history,
_cby Charles F. Pfeiffer.
260 _aGrand Rapids, Mich.,
_bBaker Book House
_c[1973]
300 _a640 p.
_billus.
_c24 cm.
350 _a$12.95
504 _aBibliography: p. [611]-624.
630 0 0 _aBible.
_pOld Testament
_xHistory of Biblical events.
630 0 0 _aBible.
_pOld Testament
_xHistory of contemporary events.
906 _a7
_bcbc
_corignew
_d2
_encip
_f19
_gy-gencatlg
942 _2ddc
_cBK